000 00296nam a22001337a 4500
008 171006b xxu||||| |||| 00| 0 eng d
020 _a9780072838497
041 _aeng
080 _a159.9
100 _a49
101 _aPSI
245 _aEDUCATIONAL PSYCHOLOGY
_cCANDEY,K,M
942 _2udc
_cBK
999 _c32329
_d32329